[Event "6th Essent op"]
[Site "Hoogeveen NED"]
[Date "2002.10.17"]
[Round "7.26"]
[White "Archangelsky, Mikhail"]
[Black "Balzer, Lars"]
[Result "1-0"]
[WhiteElo "2370"]
[BlackElo "2110"]
[EventDate "2002.10.11"]
[PlyCount "119"]

1.d4 g6 2.e4 c6 3.Nc3 d5 4.h3 dxe4 5.Nxe4 Bg7 6.Nf3 Nd7 7.Bc4 Nb6 8.Bb3 
Nd5 9.O-O Ngf6 10.Nxf6+ Nxf6 11.Re1 O-O 12.Qe2 e6 13.Bf4 Nd5 14.Be5 Bd7 
15.Rad1 Rc8 16.Bd6 Re8 17.Ne5 Bf8 18.Bxf8 Rxf8 19.c4 Nf6 20.d5 exd5 21.
cxd5 c5 22.d6 b5 23.Nxd7 Qxd7 24.Qe7 Qxe7 25.Rxe7 c4 26.Bc2 a6 27.b3 Rfd8 
28.bxc4 bxc4 29.Ra7 Ra8 30.Rc7 Ne8 31.Rc6 Ra7 32.Rd4 Kf8 33.Rdxc4 Rxd6 34.
Rc8 Ke7 35.Re4+ Re6 36.Rxe6+ fxe6 37.Kf1 Nf6 38.Ke2 Kd6 39.g3 Nd5 40.Bb3 
Rb7 41.h4 Rf7 42.Ra8 Nc7 43.Rd8+ Kc5 44.f4 Re7 45.Kf3 Nd5 46.Ra8 Nc7 47.
Rc8 Kd4 48.Rd8+ Kc5 49.Ke4 Nd5 50.Ke5 a5 51.Rc8+ Kb4 52.Kd6 Rb7 53.Kxe6 
Nb6 54.Rf8 a4 55.Rf7 Rb8 56.Rxh7 axb3 57.axb3 Re8+ 58.Re7 Rc8 59.Rg7 Kxb3 
60.Rxg6 1-0

[Event "6th Essent op"]
[Site "Hoogeveen NED"]
[Date "2002.10.17"]
[Round "7.27"]
[White "Rooda, Kai P"]
[Black "Weeks, Manuel"]
[Result "1/2-1/2"]
[WhiteElo "2156"]
[BlackElo "2259"]
[EventDate "2002.10.11"]
[PlyCount "65"]

1.e4 c5 2.Nf3 e6 3.c4 Nc6 4.Nc3 Nf6 5.d4 cxd4 6.Nxd4 Bb4 7.f3 Qa5 8.Nxc6 
Bxc3+ 9.bxc3 dxc6 10.Qb3 O-O 11.Be3 Nd7 12.Qb4 Qe5 13.c5 b6 14.Qd4 Qh5 15.
cxb6 axb6 16.Be2 Qh4+ 17.Bf2 Qe7 18.O-O e5 19.Qb4 c5 20.Qb3 Ba6 21.Bxa6 
Rxa6 22.Rfd1 Rfa8 23.Rd2 Nf8 24.Bg3 h5 25.Qd5 Ng6 26.Rb2 h4 27.Be1 Nf4 28.
Qc4 Qg5 29.Qf1 Ra4 30.Bd2 R8a6 31.Kf2 Qf6 32.Kg1 c4 33.Bxf4 1/2-1/2

[Event "6th Essent op"]
[Site "Hoogeveen NED"]
[Date "2002.10.17"]
[Round "7.28"]
[White "Hendriks, Richard V"]
[Black "Boersma, Jan"]
[Result "1/2-1/2"]
[WhiteElo "2140"]
[BlackElo "2244"]
[EventDate "2002.10.11"]
[PlyCount "42"]

1.a3 d5 2.Nf3 Bg4 3.Ne5 Bh5 4.c4 f6 5.g4 fxe5 6.gxh5 c6 7.cxd5 cxd5 8.Qb3 
Qd7 9.Bh3 e6 10.e4 Nf6 11.Nc3 Nc6 12.exd5 Nd4 13.Qd1 Nxd5 14.d3 O-O-O 15.
O-O Kb8 16.Bg2 Nf4 17.Be4 g6 18.Bxf4 exf4 19.Ne2 Bg7 20.Rc1 Rc8 21.Nxd4 
Bxd4 1/2-1/2

[Event "6th Essent op"]
[Site "Hoogeveen NED"]
[Date "2002.10.17"]
[Round "7.29"]
[White "Van Lommel, Patrick"]
[Black "Potze, Rudolf"]
[Result "0-1"]
[WhiteElo "2226"]
[BlackElo "2142"]
[EventDate "2002.10.11"]
[PlyCount "122"]

1.Nf3 Nf6 2.c4 c5 3.Nc3 Nc6 4.g3 g6 5.Bg2 Bg7 6.O-O e5 7.d3 d6 8.a3 O-O 9.
Rb1 a5 10.Ne1 Nh5 11.Nd5 f5 12.b4 axb4 13.axb4 Nxb4 14.Nxb4 cxb4 15.Qb3 
Kh8 16.Qxb4 Rf7 17.Be3 Bf8 18.Bd5 Rg7 19.Ng2 g5 20.Ra1 Ra6 21.Rxa6 bxa6 
22.Qb8 Qd7 23.Rb1 Nf6 24.Qa8 Nxd5 25.cxd5 Be7 26.Rb8 Rg8 27.f4 h6 28.fxe5 
dxe5 29.d6 Bxd6 30.Rb6 Kh7 31.Qd5 Rd8 32.Qc4 Bc7 33.Rc6 Bb8 34.Kf1 Bb7 35.
Rc5 Bd6 36.Ra5 Rc8 37.Qb3 Bf8 38.Rxe5 Bg7 39.Ra5 Qc6 40.Ne1 Qh1+ 41.Kf2 
Qxh2+ 42.Kf1 Qh1+ 43.Kf2 f4 44.gxf4 g4 45.Rh5 Qxh5 46.Qxb7 Qh4+ 47.Kf1 
Qh3+ 48.Kf2 g3+ 49.Kg1 Re8 50.Qf3 Qh2+ 51.Kf1 Qh3+ 52.Kg1 a5 53.f5 Rf8 54.
Qb7 Rxf5 55.Nf3 g2 56.Kf2 Qh1 57.Kg3 Rxf3+ 58.Qxf3 g1=Q+ 59.Bxg1 Qxg1+ 60.
Kf4 Qg5+ 61.Ke4 Qe5# 0-1

[Event "6th Essent op"]
[Site "Hoogeveen NED"]
[Date "2002.10.17"]
[Round "7.30"]
[White "Naalden, Marc"]
[Black "Ahlers, Ben"]
[Result "0-1"]
[WhiteElo "2108"]
[BlackElo "2209"]
[EventDate "2002.10.11"]
[PlyCount "108"]

1.e4 e6 2.d4 d5 3.Nc3 Bb4 4.e5 Ne7 5.a3 Bxc3+ 6.bxc3 c5 7.Qg4 Qc7 8.Bd3 c4
9.Be2 Nf5 10.h4 Bd7 11.h5 Nc6 12.h6 gxh6 13.Bxh6 Nxh6 14.Rxh6 O-O-O 15.Rf6
Qa5 16.Kd2 Rdg8 17.Qf4 Rxg2 18.Rxf7 Rgg8 19.Rb1 Nd8 20.Rf6 Qxa3 21.Nf3 a5 
22.Ng5 Qe7 23.Ra1 a4 24.Ke3 Qg7 25.Nf7 Nxf7 26.Rxf7 Qg6 27.Kd2 h5 28.Rh1 
h4 29.Bf3 h3 30.Bg4 Qxg4 31.Rf8+ Rxf8 32.Qxg4 Rfg8 33.Qd1 Rg2 34.Qf1 Rhg8 
35.Rxh3 Rg1 36.Qe2 a3 37.Rg3 R8xg3 38.fxg3 a2 39.Qf2 Rg2 40.Qxg2 a1=Q 41.
Qf2 Qa5 42.Qf7 Qd8 43.Qg7 Be8 44.g4 Qd7 45.Qf8 Kd8 46.Ke3 Qe7 47.Qh6 Qf7 
48.g5 Qg6 49.Qh4 Qe4+ 50.Qxe4 dxe4 51.Kxe4 Bg6+ 52.Ke3 Kd7 53.d5 exd5 54.
Kd4 Ke6 0-1

[Event "6th Essent op"]
[Site "Hoogeveen NED"]
[Date "2002.10.18"]
[Round "8.3"]
[White "Nijboer, Friso"]
[Black "Riazantsev, Alexander"]
[Result "1/2-1/2"]
[WhiteElo "2556"]
[BlackElo "2543"]
[EventDate "2002.10.11"]
[PlyCount "53"]

1.e4 e6 2.d4 d5 3.Nc3 Bb4 4.e5 c5 5.a3 Bxc3+ 6.bxc3 Ne7 7.Qg4 O-O 8.Bd3 
Qa5 9.Bd2 Nbc6 10.Nf3 f5 11.exf6 Rxf6 12.Qh5 Nf5 13.c4 Qa4 14.cxd5 Ncxd4 
15.Ng5 h6 16.Ne4 Rf8 17.O-O b6 18.Ng3 Ba6 19.Nxf5 exf5 20.Bxa6 Qxa6 21.
Rae1 Qb7 22.c3 Nb5 23.a4 Nd6 24.c4 Nxc4 25.Bxh6 Rf7 26.Re6 Qxd5 27.Bxg7 
1/2-1/2

[Event "6th Essent op"]
[Site "Hoogeveen NED"]
[Date "2002.10.18"]
[Round "8.4"]
[White "Dvoirys, Semen I"]
[Black "Hanley, Craig"]
[Result "1-0"]
[WhiteElo "2567"]
[BlackElo "2345"]
[EventDate "2002.10.11"]
[PlyCount "111"]

1.e4 e6 2.d4 d5 3.e5 c5 4.c3 Nc6 5.Nf3 Bd7 6.Be2 Nge7 7.Na3 cxd4 8.cxd4 
Nf5 9.Nc2 Qb6 10.O-O Rc8 11.Bd3 a5 12.Kh1 Ncxd4 13.Ncxd4 Nxd4 14.Be3 Bc5 
15.Nxd4 Bxd4 16.Qg4 Bxe3 17.Qxg7 Rf8 18.fxe3 Qxe3 19.Bxh7 Bb5 20.Rfe1 Qf4 
21.Rad1 Ke7 22.Kg1 Rh8 23.g3 Qf3 24.Rd2 Qh5 25.Qf6+ Kd7 26.Be4 Rcg8 27.Bf3
Qg6 28.Bxd5 Qxf6 29.Be4+ Ke7 30.exf6+ Kxf6 31.Bxb7 a4 32.a3 Rg5 33.Bf3 Rc8
34.Kg2 Rgc5 35.Kf2 Rc2 36.Rd1 Ke5 37.Ke3 R2c5 38.h4 f5 39.Rd8 Rc2 40.Rxc8 
Rxc8 41.Rd4 Be8 42.Bd1 Ra8 43.Rb4 Kf6 44.g4 fxg4 45.Rxg4 Ra5 46.Rf4+ Kg7 
47.Bc2 Ra6 48.Rb4 Ra5 49.Kd4 Kf6 50.Bd3 Bh5 51.Rb5 e5+ 52.Ke3 Ra7 53.Rb6+ 
Kg7 54.Bf5 Bd1 55.Rd6 Rf7 56.Rd7 1-0

[Event "6th Essent op"]
[Site "Hoogeveen NED"]
[Date "2002.10.18"]
[Round "8.5"]
[White "Solleveld, Maarten"]
[Black "Shaposhnikov, Evgeny"]
[Result "1/2-1/2"]
[WhiteElo "2453"]
[BlackElo "2544"]
[EventDate "2002.10.11"]
[PlyCount "109"]

1.e4 c5 2.Nf3 e6 3.d4 cxd4 4.Nxd4 Nc6 5.Nb5 d6 6.c4 Nf6 7.N1c3 a6 8.Na3 b6
9.Be2 Bb7 10.O-O Ne5 11.f3 Be7 12.Be3 O-O 13.Qd2 Qc7 14.Rac1 Rfe8 15.Rfd1 
Rac8 16.Kh1 Ned7 17.Bf1 Qb8 18.Nc2 Bf8 19.b3 Ba8 20.Bf2 Rc7 21.Nb4 Qb7 22.
Bg3 Ne5 23.Nd3 Ng6 24.Nb2 Rd7 25.Nba4 Rb8 26.Qe3 Be7 27.Rc2 Qc7 28.c5 b5 
29.cxd6 Bxd6 30.Bxd6 Rxd6 31.Rxd6 Qxd6 32.Rd2 Qa3 33.Qc5 Qc1 34.Rd1 Qf4 
35.Nb6 Bb7 36.a4 bxa4 37.bxa4 h5 38.a5 h4 39.Qd6 Qxd6 40.Rxd6 Ne5 41.Kg1 
h3 42.Nca4 hxg2 43.Kxg2 Nxf3 44.Kxf3 Nxe4 45.Rd4 Nd2+ 46.Kf2 Nb3 47.Rb4 
Nxa5 48.Nc4 Nxc4 49.Bxc4 a5 50.Rb2 Rc8 51.Bxe6 fxe6 52.Rxb7 Rc4 53.Nb2 Rb4
54.Rxb4 axb4 55.Ke3 1/2-1/2

[Event "6th Essent op"]
[Site "Hoogeveen NED"]
[Date "2002.10.18"]
[Round "8.6"]
[White "Bezgodov, Alexei"]
[Black "Visser, Yge"]
[Result "1-0"]
[WhiteElo "2536"]
[BlackElo "2431"]
[EventDate "2002.10.11"]
[PlyCount "93"]

1.e4 e6 2.d4 d5 3.Nc3 Nf6 4.Bg5 Bb4 5.e5 h6 6.Bd2 Bxc3 7.bxc3 Ne4 8.Qg4 
Kf8 9.Qf4 c5 10.Bd3 Nxd2 11.Qxd2 Qa5 12.Nf3 c4 13.Be2 Nd7 14.h4 Qa3 15.g4 
a5 16.g5 b5 17.gxh6 gxh6 18.O-O Bb7 19.Kh2 Ke7 20.Rg1 Raf8 21.Rg7 Bc6 22.
Rb1 Ke8 23.h5 Nb6 24.Nh4 Na4 25.Rg3 Qe7 26.Kh3 Rfg8 27.Rbg1 Rxg3+ 28.Rxg3 
b4 29.cxb4 axb4 30.Bf3 Nc3 31.a3 Nb1 32.Qxb4 Qxb4 33.axb4 Ba4 34.Bd1 Ke7 
35.f4 Rb8 36.f5 Rxb4 37.fxe6 c3 38.Rg7 Kxe6 39.Bg4+ Ke7 40.Ng6+ Kd8 41.
Rxf7 Rxd4 42.e6 Rxg4 43.Kxg4 Bxc2 44.Rd7+ Kc8 45.Ne7+ Kb8 46.Nc6+ Kc8 47.
Na7+ 1-0

[Event "6th Essent op"]
[Site "Hoogeveen NED"]
[Date "2002.10.18"]
[Round "8.7"]
[White "Van de Oudeweetering, Arthur"]
[Black "Goloshchapov, Alexander"]
[Result "0-1"]
[WhiteElo "2413"]
[BlackElo "2536"]
[EventDate "2002.10.11"]
[PlyCount "150"]

1.e4 e6 2.d4 d5 3.Nc3 Nf6 4.e5 Nfd7 5.Nf3 c5 6.Bb5 Nc6 7.O-O cxd4 8.Nxd4 
Qc7 9.Bf4 a6 10.Ba4 b5 11.Bb3 Bb7 12.Bxd5 exd5 13.Nxd5 Qc8 14.e6 fxe6 15.
Nxe6 Kf7 16.Re1 Kg8 17.Qg4 h5 18.Qg3 Nc5 19.Nxc5 Bxc5 20.Qg6 Qf8 21.Bg5 
Qf7 22.Nf6+ Kf8 23.Nh7+ Rxh7 24.Qxh7 Qxf2+ 25.Kh1 Ne5 26.Qh8+ Kf7 27.Qxh5+
Kg8 28.Qh3 Rf8 29.Rg1 Qf5 30.Qxf5 Rxf5 31.h4 Bxg1 32.Kxg1 Ng4 33.Re1 Rf2 
34.Re7 Rxg2+ 35.Kf1 Nh2+ 36.Ke1 Nf3+ 37.Kd1 Rg1+ 38.Ke2 Re1+ 39.Kd3 Rxe7 
40.Bxe7 Kf7 41.Bd8 Ke8 42.Bb6 Nxh4 43.c4 Nf5 44.cxb5 axb5 45.b3 Bc6 46.a4 
bxa4 47.bxa4 Bxa4 48.Ke4 Bc2+ 49.Kf4 Kf7 50.Kg5 Nd6 51.Be3 Nb5 52.Bc1 Nd4 
53.Kh5 Ne6 54.Kg4 g6 55.Bd2 Bd1+ 56.Kg3 Kf6 57.Bc1 Kf5 58.Bd2 Nc5 59.Bh6 
Ne4+ 60.Kg2 Kg4 61.Be3 Ba4 62.Bh6 Bc6 63.Bc1 Nc5+ 64.Kh2 Ne6 65.Ba3 Kf3 
66.Be7 g5 67.Kh3 Nf4+ 68.Kh2 g4 69.Bh4 Ne2 70.Be1 g3+ 71.Bxg3 Nxg3 72.Kh3 
Nf5 73.Kh2 Kf2 74.Kh3 Bf3 75.Kh2 Bg4 0-1

[Event "6th Essent op"]
[Site "Hoogeveen NED"]
[Date "2002.10.18"]
[Round "8.8"]
[White "Dogge, Marc"]
[Black "De Vreugt, Dennis"]
[Result "0-1"]
[WhiteElo "2124"]
[BlackElo "2501"]
[EventDate "2002.10.11"]
[PlyCount "103"]

1.e4 e5 2.Nf3 Nc6 3.Bb5 a6 4.Ba4 Nf6 5.d4 exd4 6.O-O Be7 7.Re1 O-O 8.e5 
Nd5 9.Nxd4 Nxd4 10.Qxd4 Nb6 11.Nc3 Nxa4 12.Nxa4 d5 13.exd6 Qxd6 14.Qe4 Qe6
15.Bf4 Qxe4 16.Rxe4 Bd8 17.Rae1 b6 18.Nc3 Be6 19.Rd1 Bf5 20.Re2 Rc8 21.h3 
Be6 22.b3 Re8 23.Ne4 h6 24.Nc3 Kf8 25.Nd5 h5 26.Bc1 Bf5 27.Ba3+ c5 28.
Rxe8+ Kxe8 29.Re1+ Kd7 30.c4 Rc6 31.Bb2 f6 32.h4 g5 33.hxg5 fxg5 34.Re5 
Bb1 35.Nc3 Rd6 36.Re1 Bg6 37.Nd5 Re6 38.Rd1 Kc8 39.Ne3 Bc7 40.Bc1 g4 41.
Nd5 Be5 42.Bf4 Bd4 43.Bg3 Bf7 44.Kf1 Kb7 45.Nf4 Rh6 46.Re1 Bf6 47.Rd1 Rh7 
48.Rd6 Be5 49.Rd7+ Kc6 50.Ne6 Kxd7 51.Nf8+ Ke7 52.Nxh7 0-1

[Event "6th Essent op"]
[Site "Hoogeveen NED"]
[Date "2002.10.18"]
[Round "8.10"]
[White "Ionov, Sergey"]
[Black "Cheparinov, Ivan"]
[Result "1/2-1/2"]
[WhiteElo "2538"]
[BlackElo "2473"]
[EventDate "2002.10.11"]
[PlyCount "39"]

1.d4 Nf6 2.c4 e5 3.Nc3 Bb4 4.Qc2 O-O 5.a3 Bxc3+ 6.Qxc3 b5 7.cxb5 c6 8.Bg5 
cxb5 9.e3 Bb7 10.Nf3 h6 11.Bxf6 Qxf6 12.Be2 a6 13.O-O Nc6 14.a4 bxa4 15.
Rxa4 a5 16.Rc1 Nb4 17.Raa1 Rfc8 18.Qd2 Qd8 19.Nxe5 d6 20.Nd3 1/2-1/2

[Event "6th Essent op"]
[Site "Hoogeveen NED"]
[Date "2002.10.18"]
[Round "8.11"]
[White "Radulski, Yulian"]
[Black "Grooten, Herman"]
[Result "1-0"]
[WhiteElo "2487"]
[BlackElo "2379"]
[EventDate "2002.10.11"]
[PlyCount "61"]

1.e4 c6 2.d4 d5 3.Nc3 dxe4 4.Nxe4 Bf5 5.Ng3 Bg6 6.h4 h6 7.Nh3 e6 8.Nf4 Bh7
9.Bc4 Na6 10.c3 Nc7 11.Qe2 Nf6 12.Ngh5 Nxh5 13.Nxh5 Qd7 14.Bxh6 Bg6 15.
Nxg7+ Ke7 16.Bg5+ f6 17.Bxf6+ Kxf6 18.Qe5+ Kf7 19.Nxe6 Nxe6 20.Qxh8 Re8 
21.h5 Bc2 22.h6 Kg6 23.Kd2 Bf5 24.g4 Be4 25.Qg8+ Kf6 26.Bxe6 Qxe6 27.Qxe6+
Kxe6 28.Rae1 Kf7 29.h7 Bg7 30.f3 Bxf3 31.Rxe8 1-0

[Event "6th Essent op"]
[Site "Hoogeveen NED"]
[Date "2002.10.18"]
[Round "8.12"]
[White "Schuurman, Petra"]
[Black "Van der Stricht, Geert"]
[Result "1/2-1/2"]
[WhiteElo "2274"]
[BlackElo "2403"]
[EventDate "2002.10.11"]
[PlyCount "134"]

1.c4 e6 2.Nc3 d5 3.d4 Nf6 4.cxd5 exd5 5.Bg5 c6 6.Qc2 Be7 7.e3 O-O 8.Bd3 
Nbd7 9.Nge2 Re8 10.h3 Nf8 11.O-O-O Be6 12.g4 Rc8 13.Kb1 b5 14.Ng3 N6d7 15.
Bxe7 Qxe7 16.Rc1 Nb6 17.Nf5 Bxf5 18.Bxf5 Rb8 19.h4 Nc4 20.Ka1 a5 21.Nb1 a4
22.Nd2 g6 23.Bd3 Qf6 24.Bxc4 bxc4 25.Nb1 a3 26.Nxa3 Re7 27.g5 Qf3 28.Rhe1 
Reb7 29.Qe2 Qe4 30.Rc2 Qxh4 31.f4 Re8 32.Qf2 Qh3 33.Rc3 Qf5 34.Qc2 Qg4 35.
Qf2 Qf5 36.Qc2 Qg4 37.Qf2 Ne6 38.Rh1 Qf5 39.Qh4 Nf8 40.Qh3 Qe4 41.Rh2 Reb8
42.Qf1 Qf5 43.Qe1 Re8 44.Qh4 Rbe7 45.Nc2 Rb8 46.Na3 Qe4 47.Nc2 Qf3 48.Qe1 
Qg4 49.Rh4 Qf5 50.Rh2 Reb7 51.Na3 f6 52.gxf6 Qxf6 53.Qg3 Qf5 54.Qh4 Qe4 
55.Nb1 Qe6 56.Ra3 Rf7 57.Qg3 Qf5 58.Qh3 Qxh3 59.Rxh3 Rfb7 60.Rh2 Re7 61.
Rh3 Ne6 62.Nc3 Ng7 63.Ra6 Rc8 64.Kb1 Nf5 65.Nd1 h5 66.Kc2 Kf7 67.a4 Ke6 
1/2-1/2

[Event "6th Essent op"]
[Site "Hoogeveen NED"]
[Date "2002.10.18"]
[Round "8.13"]
[White "Filipek, Jakub"]
[Black "Hulshof, Peter"]
[Result "1-0"]
[WhiteElo "2374"]
[BlackElo "2223"]
[EventDate "2002.10.11"]
[PlyCount "99"]

1.b4 e5 2.a3 d6 3.Bb2 f5 4.e3 Nf6 5.Nf3 Be7 6.Bc4 d5 7.Ba2 e4 8.Nd4 Nc6 9.
c4 Ne5 10.O-O Nxc4 11.Bxc4 dxc4 12.Qe2 Qd5 13.Nc3 Qf7 14.f3 exf3 15.Rxf3 
Bd7 16.Nxf5 O-O-O 17.Nxe7+ Qxe7 18.Qxc4 Be6 19.Qf4 Rxd2 20.Na4 Rhd8 21.
Bxf6 Qxf6 22.Qxf6 gxf6 23.Nc5 Bc4 24.Rf4 b5 25.h4 Re2 26.Rxf6 Rg8 27.Rf2 
Rxe3 28.a4 Bd5 29.Raf1 Kd8 30.axb5 Ke7 31.Rd1 c6 32.bxc6 Bxc6 33.Ra2 a6 
34.Nxa6 Ra8 35.Rdd2 Re1+ 36.Kf2 Re4 37.Re2 Rxe2+ 38.Rxe2+ Kd6 39.Nc5 Rb8 
40.Re6+ Kd5 41.Re4 h5 42.Rf4 Rg8 43.g3 Ra8 44.Rf5+ Kc4 45.Rxh5 Ra1 46.g4 
Ra2+ 47.Kg3 Ra3+ 48.Kf4 Kxb4 49.Ne4 Ra4 50.Re5 1-0

[Event "6th Essent op"]
[Site "Hoogeveen NED"]
[Date "2002.10.18"]
[Round "8.15"]
[White "Van der Veen, Jan"]
[Black "De Jong, Migchiel"]
[Result "0-1"]
[WhiteElo "2135"]
[BlackElo "2298"]
[EventDate "2002.10.11"]
[PlyCount "74"]

1.e4 e6 2.d4 d5 3.Nc3 Bb4 4.exd5 exd5 5.Bd3 Nc6 6.a3 Bxc3+ 7.bxc3 Qf6 8.
Qh5 Qe7+ 9.Ne2 Nf6 10.Qh4 Ne4 11.Qxe7+ Nxe7 12.c4 Bf5 13.cxd5 Nxd5 14.g4 
Bg6 15.c4 Ne7 16.Nf4 Nf6 17.Nxg6 hxg6 18.g5 Nd7 19.Bb2 O-O-O 20.O-O-O Rh4 
21.Rde1 Nf5 22.Bxf5 gxf5 23.Re7 Rf8 24.Rhe1 Nb6 25.c5 Nd5 26.R7e5 c6 27.
Re8+ Rxe8 28.Rxe8+ Kd7 29.Rf8 Ke6 30.Re8+ Kd7 31.Rf8 Ke7 32.Ra8 Rxh2 33.
Rxa7 Rxf2 34.Rxb7+ Ke6 35.a4 f4 36.a5 Re2 37.Kd1 f3 0-1

[Event "6th Essent op"]
[Site "Hoogeveen NED"]
[Date "2002.10.18"]
[Round "8.17"]
[White "Cako, Laszlo"]
[Black "Berendsen, Richard"]
[Result "1/2-1/2"]
[WhiteElo "2115"]
[BlackElo "2249"]
[EventDate "2002.10.11"]
[PlyCount "79"]

1.e4 c5 2.Nf3 g6 3.d4 cxd4 4.Nxd4 Bg7 5.Nc3 Nc6 6.Be3 Nf6 7.Qd2 O-O 8.
O-O-O Ng4 9.Nxc6 bxc6 10.Bc5 d6 11.h3 Qa5 12.Bd4 Bh6 13.f4 e5 14.hxg4 exd4
15.Rxh6 dxc3 16.Qxc3 Qxc3 17.bxc3 Bxg4 18.Rxd6 Rfd8 19.Rxd8+ Rxd8 20.Rh4 
Rd1+ 21.Kb2 h5 22.Bd3 Rd2 23.e5 Rxg2 24.e6 Bxe6 25.f5 Bd5 26.c4 Bf3 27.Rf4
Be2 28.Bxe2 Rxe2 29.fxg6 fxg6 30.Rf6 Kg7 31.Rxc6 Re7 32.c5 h4 33.Rd6 Re5 
34.c6 Rc5 35.Kb3 h3 36.Rd3 h2 37.Rh3 Rh5 38.Rxh5 gxh5 39.c7 h1=Q 40.c8=Q 
1/2-1/2

[Event "6th Essent op"]
[Site "Hoogeveen NED"]
[Date "2002.10.18"]
[Round "8.18"]
[White "Lahaye, Rick"]
[Black "Pel, Bonno"]
[Result "0-1"]
[WhiteElo "2195"]
[BlackElo "2229"]
[EventDate "2002.10.11"]
[PlyCount "116"]

1.c4 g6 2.Nc3 d6 3.d4 Nf6 4.e4 Bg7 5.h3 e5 6.d5 a5 7.Be3 Na6 8.Bd3 O-O 9.
Nge2 c6 10.g4 Bd7 11.Ng3 Nc5 12.Be2 cxd5 13.exd5 a4 14.Qd2 Qa5 15.Rc1 Rac8
16.f3 Rc7 17.h4 b5 18.g5 Nh5 19.Nxh5 gxh5 20.Ne4 Qxd2+ 21.Kxd2 Nxe4+ 22.
fxe4 bxc4 23.Bxh5 Rb8 24.Kc3 a3 25.Rh2 Rcb7 26.bxa3 Ra8 27.Rhc2 Rxa3+ 28.
Kd2 Ba4 29.Rc3 Rxa2+ 30.Ke1 Rbb2 31.Bf3 Bb3 32.h5 Rh2 33.Bg1 Rh3 34.Bf2 h6
35.Kf1 Rh2 36.Be3 hxg5 37.Bxg5 Kh7 38.Kg1 Bh6 39.Bxh6 Kxh6 40.Ra1 Rhc2 41.
Rxa2 Rxc3 42.Rf2 Rc1+ 43.Rf1 Rxf1+ 44.Kxf1 c3 45.Ke2 c2 46.Kd2 Ba4 47.Bg4 
f6 48.Be2 Kg5 49.Bg4 Kh6 50.Kc1 Be8 51.Kxc2 Bxh5 52.Be6 Kg5 53.Kd3 Kf4 54.
Bf5 Bg4 55.Be6 f5 56.exf5 Bxf5+ 57.Kc4 e4 58.Kd4 e3 0-1

[Event "6th Essent op"]
[Site "Hoogeveen NED"]
[Date "2002.10.18"]
[Round "8.20"]
[White "Van Geffen, Ben"]
[Black "Willemsen, Jos"]
[Result "1/2-1/2"]
[WhiteElo "2129"]
[BlackElo "2263"]
[EventDate "2002.10.11"]
[PlyCount "43"]

1.e4 c5 2.Nf3 Nc6 3.d4 cxd4 4.Nxd4 g6 5.Nc3 Bg7 6.Be3 Nf6 7.Bc4 Qa5 8.O-O 
O-O 9.Bb3 d6 10.h3 Re8 11.f4 Nxd4 12.Bxd4 e5 13.Be3 exf4 14.Rxf4 Be6 15.
Qf1 Bh6 16.Rf3 Bxe3+ 17.Rxe3 Qc5 18.Qf2 Bxb3 19.axb3 Re6 20.Ree1 Qxf2+ 21.
Kxf2 a6 22.Rad1 1/2-1/2

[Event "6th Essent op"]
[Site "Hoogeveen NED"]
[Date "2002.10.18"]
[Round "8.21"]
[White "Van Kooten, Luuk"]
[Black "Hamelink, Desiree"]
[Result "1-0"]
[WhiteElo "2236"]
[BlackElo "2188"]
[EventDate "2002.10.11"]
[PlyCount "105"]

1.d4 d5 2.c4 c6 3.Nf3 Nf6 4.Nc3 dxc4 5.Ne5 b5 6.g3 b4 7.Na4 Qd5 8.f3 Ba6 
9.Nc5 Bb5 10.e4 Qd8 11.Bxc4 Bxc4 12.Nxc4 e6 13.Nb7 Qd7 14.Nca5 Na6 15.Qe2 
Nc7 16.Qc4 Rb8 17.Be3 Na8 18.Nc5 Bxc5 19.Qxc5 Rb5 20.Qxc6 Nb6 21.Qxd7+ 
Nfxd7 22.Nb3 Nc4 23.Bc1 Ke7 24.Ke2 Rc8 25.Rb1 a5 26.Be3 a4 27.Nd2 Nxd2 28.
Bxd2 b3 29.a3 Rc2 30.Rhc1 Rb8 31.Kd3 Rbc8 32.Bc3 Rxc1 33.Rxc1 Ra8 34.Bb4+ 
Kd8 35.Rc6 Nf6 36.Kc4 Kd7 37.Rc5 Ne8 38.Bc3 Nd6+ 39.Kb4 Nb7 40.Rb5 Kc7 41.
d5 exd5 42.Be5+ Kc8 43.exd5 f6 44.Bf4 g5 45.Be3 Nd6 46.Rb6 Kc7 47.Bc5 Ne8 
48.Re6 h5 49.Re7+ Kd8 50.d6 Ra6 51.Kb5 Nxd6+ 52.Kxa6 Kxe7 53.Ka5 1-0

[Event "6th Essent op"]
[Site "Hoogeveen NED"]
[Date "2002.10.18"]
[Round "8.22"]
[White "Van Weersel, Arlette"]
[Black "Spoelman, Wouter"]
[Result "0-1"]
[WhiteElo "2093"]
[BlackElo "2206"]
[EventDate "2002.10.11"]
[PlyCount "72"]

1.e4 c5 2.c4 Nc6 3.Nc3 e6 4.g3 g6 5.Bg2 Bg7 6.Nge2 Nge7 7.O-O O-O 8.d3 d6 
9.Rb1 b6 10.f4 Bb7 11.g4 f5 12.Ng3 Nd4 13.Be3 d5 14.gxf5 gxf5 15.e5 Qd7 
16.Bxd4 cxd4 17.Nb5 Rfd8 18.Nh5 Bc6 19.Nxd4 dxc4 20.Nxc6 Nxc6 21.dxc4 Qf7 
22.Qf3 Nd4 23.Qh3 Rac8 24.b3 b5 25.cxb5 Rc2 26.Rf2 Ne2+ 27.Kh1 Rdd2 28.Rf3
Qg6 29.Rd3 Rxd3 30.Qxd3 Qxg2+ 31.Kxg2 Nxf4+ 32.Kf3 Nxd3 33.Nxg7 Nxe5+ 34.
Kf4 Ng6+ 35.Ke3 Kxg7 36.a4 Rxh2 0-1

[Event "6th Essent op"]
[Site "Hoogeveen NED"]
[Date "2002.10.18"]
[Round "8.23"]
[White "Galje, Hans"]
[Black "Markus, John Raymond"]
[Result "1-0"]
[WhiteElo "2125"]
[BlackElo "2243"]
[EventDate "2002.10.11"]
[PlyCount "83"]

1.d4 Nf6 2.c4 c5 3.d5 b5 4.cxb5 a6 5.bxa6 g6 6.Nc3 Bxa6 7.e4 Bxf1 8.Kxf1 
d6 9.Nf3 Bg7 10.g3 O-O 11.Kg2 Nbd7 12.h3 Qa5 13.Re1 Rfb8 14.e5 dxe5 15.
Nxe5 Nxe5 16.Rxe5 Rb7 17.Qf3 Ne8 18.Re4 Nd6 19.Ra4 Qd8 20.Rxa8 Qxa8 21.Nd1
Ra7 22.Be3 Bd4 23.a3 Nc4 24.Kh2 Rd7 25.Bxd4 cxd4 26.Rc1 Ne5 27.Qe4 Qxd5 
28.Qxd5 Rxd5 29.Kg2 Nd3 30.Rc8+ Kg7 31.f4 e5 32.Kf3 exf4 33.gxf4 Rf5 34.
Ke4 Nxf4 35.Kxd4 Nxh3 36.Ne3 Rf6 37.b4 h5 38.b5 Nf2 39.Nd5 Rf3 40.b6 Rb3 
41.Nb4 Nd3 42.Kc4 1-0

[Event "6th Essent op"]
[Site "Hoogeveen NED"]
[Date "2002.10.18"]
[Round "8.24"]
[White "Potze, Rudolf"]
[Black "Archangelsky, Mikhail"]
[Result "0-1"]
[WhiteElo "2142"]
[BlackElo "2370"]
[EventDate "2002.10.11"]
[PlyCount "134"]

1.e4 e6 2.d4 d5 3.e5 c5 4.c3 Qb6 5.Nf3 Nc6 6.a3 Bd7 7.b4 cxd4 8.cxd4 Rc8 
9.Bb2 Na5 10.Nbd2 Nc4 11.Nxc4 dxc4 12.Rc1 a5 13.Nd2 axb4 14.Nxc4 Qd8 15.
axb4 b5 16.Nd6+ Bxd6 17.exd6 Nf6 18.Bd3 Nd5 19.Rc5 O-O 20.Qd2 Qb6 21.O-O 
Rb8 22.Qg5 Qxd6 23.Qh4 f5 24.Rb1 Nxb4 25.Be2 Nd5 26.Bc1 Rfc8 27.Qg3 Qxg3 
28.hxg3 b4 29.Bb2 Nc3 30.Bxc3 bxc3 31.Rxb8 Rxb8 32.Rxc3 Rb1+ 33.Kh2 Rb2 
34.Re3 Rd2 35.g4 f4 36.Re4 g5 37.Bc4 Rxf2 38.Kg1 Rd2 39.Bxe6+ Bxe6 40.Rxe6
Rxd4 41.Re7 Rd3 42.Ra7 Rg3 43.Ra8+ Kf7 44.Ra7+ Ke6 45.Ra6+ Kd7 46.Kf2 Rxg4
47.Ra7+ Ke6 48.Rxh7 Rg3 49.Ra7 Kf5 50.Ra5+ Kg4 51.Ra2 Rb3 52.Rc2 Ra3 53.
Rb2 Kh4 54.Rc2 g4 55.Re2 Ra1 56.Rb2 g3+ 57.Ke2 Rg1 58.Kf3 Rf1+ 59.Ke4 f3 
60.gxf3 Kh3 61.Rb8 g2 62.Rh8+ Kg3 63.Rg8+ Kf2 64.f4 g1=Q 65.Rxg1 Kxg1 66.
f5 Kg2 67.Ke5 Kg3 0-1

[Event "6th Essent op"]
[Site "Hoogeveen NED"]
[Date "2002.10.18"]
[Round "8.26"]
[White "Ahlers, Ben"]
[Black "Meis, Eric"]
[Result "1/2-1/2"]
[WhiteElo "2209"]
[BlackElo "2113"]
[EventDate "2002.10.11"]
[PlyCount "40"]

1.d4 Nf6 2.Nf3 g6 3.Nc3 d5 4.Bf4 Bg7 5.e3 O-O 6.Be2 c5 7.Ne5 Nc6 8.O-O 
cxd4 9.exd4 Bf5 10.Qd2 Re8 11.Rad1 Qa5 12.Rfe1 Rad8 13.h3 Nd7 14.g4 Ndxe5 
15.dxe5 Be6 16.Nb5 Qxd2 17.Rxd2 Nxe5 18.b3 Nc6 19.Red1 a6 20.Nc7 Rf8 
1/2-1/2

[Event "6th Essent op"]
[Site "Hoogeveen NED"]
[Date "2002.10.18"]
[Round "8.28"]
[White "Weeks, Manuel"]
[Black "Hendriks, Richard V"]
[Result "1-0"]
[WhiteElo "2259"]
[BlackElo "2140"]
[EventDate "2002.10.11"]
[PlyCount "59"]

1.e4 e5 2.Nf3 Nc6 3.Bb5 f5 4.Nc3 fxe4 5.Nxe4 Nf6 6.Nxf6+ Qxf6 7.O-O Be7 8.
Bxc6 dxc6 9.Qe1 O-O 10.d4 Qg6 11.Nxe5 Qxc2 12.Qc3 Qf5 13.Bd2 Be6 14.Rae1 
Bd6 15.a3 Bd5 16.f4 Rae8 17.g4 Qc8 18.f5 b6 19.b4 a5 20.Nxc6 axb4 21.axb4 
b5 22.Ne5 Ba8 23.Qb3+ Kh8 24.Nf7+ Rxf7 25.Qxf7 Rf8 26.Qe6 Qd8 27.f6 gxf6 
28.Bh6 Bd5 29.Qf5 Rf7 30.Qxd5 1-0

[Event "6th Essent op"]
[Site "Hoogeveen NED"]
[Date "2002.10.18"]
[Round "8.29"]
[White "Boersma, Jan"]
[Black "Van Lommel, Patrick"]
[Result "1/2-1/2"]
[WhiteElo "2244"]
[BlackElo "2226"]
[EventDate "2002.10.11"]
[PlyCount "55"]

1.e4 e6 2.d4 d5 3.Nc3 Bb4 4.Ne2 dxe4 5.a3 Be7 6.Nxe4 Nf6 7.N2g3 Nbd7 8.c3 
O-O 9.Bd3 c5 10.Bc2 cxd4 11.Qxd4 Nxe4 12.Qxe4 Nf6 13.Qh4 g6 14.Bh6 Re8 15.
O-O Nd5 16.Qg4 e5 17.Qf3 Nf6 18.h3 Qb6 19.Rfe1 Bf8 20.Bxf8 Kxf8 21.Ba4 Re7
22.Rad1 Kg7 23.Rd2 Bd7 24.Bxd7 Rxd7 25.Rxd7 Nxd7 26.Qd5 Nf6 27.Qd2 Re8 28.
c4 1/2-1/2

[Event "6th Essent op"]
[Site "Hoogeveen NED"]
[Date "2002.10.18"]
[Round "8.30"]
[White "Rooda, Kai P"]
[Black "Naalden, Marc"]
[Result "1-0"]
[WhiteElo "2156"]
[BlackElo "2108"]
[EventDate "2002.10.11"]
[PlyCount "63"]

1.d4 Nf6 2.Nf3 c5 3.c4 cxd4 4.Nxd4 e5 5.Nc2 d5 6.cxd5 Bc5 7.Nc3 e4 8.Be3 
Bd6 9.g3 O-O 10.Bg2 Bf5 11.O-O Nbd7 12.Bd4 a6 13.Ne3 Bg6 14.Nc4 Bb8 15.Rc1
b5 16.Ne3 Bd6 17.Qd2 Qe7 18.Rc2 h5 19.Rfc1 h4 20.Bh3 Nh5 21.Nf5 Bxf5 22.
Bxf5 hxg3 23.fxg3 Bxg3 24.hxg3 Nxg3 25.Bxd7 Qh4 26.Be5 f5 27.Qf4 Qh1+ 28.
Kf2 e3+ 29.Kxe3 Qg2 30.Be6+ Kh7 31.Qh4+ Kg6 32.Qxg3+ 1-0